Trust me, Jack's beanstalk stinks! : (Record no. 2843)

MARC details
000 -LEADER
fixed length control field 01059cam a2200289 a 4500
005 - DATE AND TIME OF LATEST TRANSACTION
control field 20250806144352.0
020 ## - INTERNATIONAL STANDARD BOOK NUMBER
International Standard Book Number 9781404870505
040 ## - CATALOGING SOURCE
Original cataloging agency DLC
Transcribing agency DLC
Modifying agency DLC
Language of cataloging eng
050 00 - LIBRARY OF CONGRESS CALL NUMBER
Classification number PZ8.B6732
Item number 2012
082 00 - DEWEY DECIMAL CLASSIFICATION NUMBER
Classification number 398.2
100 1# - MAIN ENTRY--PERSONAL NAME
Personal name Braun, Eric
Dates associated with a name 1971-
245 10 - TITLE STATEMENT
Title Trust me, Jack's beanstalk stinks! :
Remainder of title the story of Jack and the beanstalk as told by the giant /
Statement of responsibility, etc. by Eric Braun ; illustrated by Cristian Bernardini.
250 ## - EDITION STATEMENT
Edition statement Printed in the United States of America
260 ## - PUBLICATION, DISTRIBUTION, ETC.
Place of publication, distribution, etc. Mankato, MN :
Name of publisher, distributor, etc. Picture Window Books,
Date of publication, distribution, etc. 2012
300 ## - PHYSICAL DESCRIPTION
Extent 24 pages :
Other physical details color illustrations ;
Dimensions 26 cm .
490 ## - SERIES STATEMENT
Series statement The Other Side of the Story
505 ## - FORMATTED CONTENTS NOTE
Formatted contents note K <br/>
520 ## - SUMMARY, ETC.
Summary, etc. The giant tells what really happened when Jack kept climbing up the beanstalk and sneaking into his house.
521 ## - TARGET AUDIENCE NOTE
Target audience note 520 <br/>
Source Lexile <br/>
521 ## - TARGET AUDIENCE NOTE
Target audience note K <br/>
Source Raz--Plus <br/>
650 #1 - SUBJECT ADDED ENTRY--TOPICAL TERM
Topical term or geographic name entry element Fairy tales.
650 #1 - SUBJECT ADDED ENTRY--TOPICAL TERM
Topical term or geographic name entry element Humorous stories.
700 1# - ADDED ENTRY--PERSONAL NAME
Personal name Bernardini, Cristian
Dates associated with a name 1975-
Relator term illustrator
906 ## - LOCAL DATA ELEMENT F, LDF (RLIN)
a 7
b cbc
c orignew
d 1
e ecip
f 20
g y-gencatlg
942 ## - ADDED ENTRY ELEMENTS (KOHA)
Source of classification or shelving scheme Dewey Decimal Classification
Koha item type Books
Suppress in OPAC No
999 ## -
-- 2843
-- 2843
Holdings
Withdrawn status Lost status Source of classification or shelving scheme Damaged status Not for loan Collection Home library Current library Shelving location Date acquired Total Checkouts Full call number Barcode Date last seen Date last checked out Copy number Price effective from Koha item type
    Dewey Decimal Classification     Juvenile Fiction Footprints International School Library Network Toul Tom Poung Campus Footprints International School Library Network Toul Tom Poung Campus TTP Primary Yellow Bookshelves 01/17/2024 2 BRA 398.2 PZ8.B6732 FISTK04046 05/26/2025 05/19/2025 1 01/17/2024 Books
    Dewey Decimal Classification     Juvenile Fiction Footprints International School Library Network Toul Tom Poung Campus Footprints International School Library Network Toul Tom Poung Campus TTP Primary Yellow Bookshelves 08/06/2025   BRA 398.2 PZ8.B6732 FIS03375 08/06/2025   2 08/06/2025 Books